000 00605nam a22001937a 4500
005 20240301162704.0
010 _aEN-139430
020 _a9788191067385
_c595
035 _aEN-122962
037 _bDBAD/PUB
082 _a200
_21
_b1
100 _aVrekhem,Georges Van
_962746
245 _aEvolution Religion And The Unknown God/
_cBy Georges Van Vrekhem
_hEnglish
260 _aNew Delhi
_bAn Imprint of Manjul Publishing Pvt. Ltd
_c2011
270 _a Jor Bagh Lane New Delhi
_bNew Delhi
_e110003
300 _a292Pages
_c24.cm pbk
760 _b1
942 _cEN
_h200
_2ddc
_mVRE
_e2011
999 _c201160
_d201160